01209nam a2200265 a 450000100060000000300080000600500170001400800410003103500190007204000270009104100130011808200180013110000320014924502680018124600260044924600610047526000750053630000290061150000790064050000840071950400510080365000310085465000210088570000370090632041BD-RjUL20211209051800.0140423r19361924enk 001 0 eng d a(BD-RjUL)32130 aDLCbengcDLCdBD-RjUL1 aenghger04a270bPAH 19361 aPastor, Ludwig,d1854-1928.14aThe history of the popes, from the close of the Middle Ages :bdrawn from the secret archives of the Vatican and other original sources /cfrom the German of Ludwig Pastor ; edited by Ralph Francis Kerr.pVolume XIV :nMarcellus II (1555) ;nApul IV. (1555-1559).15aHistory of the popes.3 aHistory of the popes, from the close of the Middle Ages. aLondon :bKegan Paul, Trench, Trübner & Co.,c1924 [Reprinted 1936]. axxiv, , 509 p. ;c23 cm. aTranslation of: Geschichte der Päpste seit dem Ausgang des Mittelalters. aCovers the period from the election of Julius III in 1550 to his death in 1555. aIncludes bibliographical references and index. 0aCatholic Church xHistory  0aPapacy xHistory1 aKerr, Ralph Francis,d1874-1932.